Mixed Word: Vegetables Quiz Stats

Quiz Updated Oct 25, 2017

Challenge
Share
Tweet
Embed
Score 0/10 Timer 04:00
0 Plays Today
Vegetable New Word % Correct
PEACAPE
96.1%
KALEFLAKE
83.4%
YAMARMY
79.8%
SOKOSPOOK
73.8%
CORNCROWN
73.7%
BEETBERET
60.2%
LEEKKNEEL
56.1%
BEANBEGAN
52.6%
TURNIPPURITAN
8.4%
SOYBEANBAYONETS
3.5%

You're not logged in!

Compare scores with friends on all Sporcle quizzes.
Sign Up with Email
OR
Log In

You Might Also Like...

Show Comments

Extras

Top Quizzes Today


Score Distribution

Your Account Isn't Verified!

In order to create a playlist on Sporcle, you need to verify the email address you used during registration. Go to your Sporcle Settings to finish the process.